Nietzsche và triết học /

Đã lưu trong:
Sonraí Bibleagrafaíochta
Príomhúdar: Deleuze, Gilles
Formáid: Leabhar
Teanga:Vietnamese
Foilsithe: TRT 2010
Clibeanna: Cuir Clib Leis
Gan Chlibeanna, Bí ar an gcéad duine leis an taifead seo a chlibeáil!
Thư viện lưu trữ: Mạng thư viện Đại học Đà Nẵng
LEADER 00670nam a2200265 4500
001 000027224
003 DE-G10
005 20150403120000.0
008 150403s vm 000 vie
020 |c 0,0000 
040 |a notts 
100 |a Deleuze, Gilles 
245 |a Nietzsche và triết học /  |c Gilles Deleuze ; Nguyễn Thị Từ Huy dịch ; Bùi Văn Nam Sơn hiệu đính. 
260 |b TRT  |c 2010 
OWN |a LTT 
999 |a From the UDN01 
TYP |a Monograph 
TYP |a Printed language 
980 |a Mạng thư viện Đại học Đà Nẵng